Statistics for Boroughs of NYC by Picture

Click here to take the quiz!

General Stats

  • This quiz has been taken 295 times
  • The average score is 4 of 5

Answer Stats

Answer% Correct
Queens
96%
Brooklyn
90%
Manhattan
90%
Bronx
86%
Staten Island
86%

Score Distribution

Percentile by Number Answered

Percent of People with Each Score

Your Score History

You have not taken this quiz